[Event "SRB-chT3 East"]
[Site "Serbia"]
[Date "2017.10.13"]
[Round "8.5"]
[White "Zivanovic, Nikola"]
[Black "Jovkic, Nikola"]
[Result "0-1"]
[WhiteElo "1951"]
[BlackElo "1744"]
[PlyCount "66"]
[EventDate "2017.09.03"]
[EventType "team-tourn"]
[EventRounds "11"]
[EventCountry "SRB"]
[SourceTitle "EXT 2022"]
[Source "ChessBase"]
[SourceDate "2021.10.06"]
[SourceVersion "1"]
[SourceVersionDate "2021.10.06"]
[SourceQuality "1"]

1. e4 e5 2. Nf3 Nc6 3. d4 exd4 4. Nxd4 Nxd4 5. Qxd4 d6 6. Nc3 Nf6 7. f3 a6 8. a4 c5 9. Qf2 Be7 10. Bc4 Be6 11. Nd5 Nxd5 12. exd5 Bf5 13. 0-0 0-0 14. Bf4 Bf6 15. c3 Qd7 16. a5 Rfe8 17. Rfe1 Rxe1+ 18. Rxe1 Rd8 19. Qe2 h6 20. Bd3 Bxd3 21. Qxd3 g5 22. Bd2 Kg7 23. b3 Re8 24. Rxe8 Qxe8 25. Qe4 Qb5 26. b4 cxb4 27. cxb4 Qa4 28. Kf2 Qd1 29. Qe2 Qh1 30. h3 Qb1 31. Qe4 Qb2 32. Qe2 Bd4+ 33. Kf1 Qb3 0-1